Szczegóły MARC21

Sprichwörter = Proverbs = Poslovicy = Przysłowia = Přísloví = Proverbes = Proverbios = Proverbia /

003 -Nazwa inst., której nr kontr. jest w polu 001 [,]
    • @
    • Nazwa instytucji, której n kontrolny jest w polu 001
    • NUKAT
005 -DATA I CZAS OSTATNIEJ MODYFIKACJI [,]
    • @
    • pole kontrolne
    • 20241231114534.0
020 -Międzynarod. znormalizowany nr książki - ISBN [ , ]
    • a
    • Numer ISBN
    • 3065922029 Find
040 -Instytucja sporządzająca opis [ , ]
    • a
    • Instytucja, która sporządziła opis (NP)
    • SZCZ M/ESZ
    • c
    • Instytucja, która sporządziła rekord (NP)
    • SZCZ M/ESZ
    • d
    • Instytucja, która zmodyfikowała rekord (P)
    • Ł U/MWs
041 -Język dokumentu [0, ]
    • a
    • Język tekstu (P)
    • niemiecki
    • a
    • Język tekstu (P)
    • wielojęzyczny
942 -Rodzaj dokumentu [ , ]
    • c
    • Rodzaj dokumentu
    • Książka
245 -Strefa tytułu i oznaczenia odpowiedzialności [0,0]
    • a
    • Tytuł
    • Sprichwörter = Find
    • b
    • Ciąg dalszy tytułu (NP)
    • Proverbs = Poslovicy = Przysłowia = Přísloví = Proverbes = Proverbios = Proverbia / Find
    • c
    • Pozostałe elementy strefy tytułu i oznaczenia odpowiedzialności (NP)
    • [ausgew. u. zsgest. auf der Grundl. e. Manuskripts von Richard Schmelz et al. ; il. Rudolf Peschel].
246 -Wariant tytułu [1,1]
    • a
    • Tytuł (NP)
    • Proverbs
246 -Wariant tytułu [1,1]
    • a
    • Tytuł (NP)
    • Poslovicy
246 -Wariant tytułu [1,1]
    • a
    • Tytuł (NP)
    • Przysłowia
246 -Wariant tytułu [1,1]
    • a
    • Tytuł (NP)
    • Přísloví
246 -Wariant tytułu [1,1]
    • a
    • Tytuł (NP)
    • Proverbes
246 -Wariant tytułu [1,1]
    • a
    • Tytuł (NP)
    • Proverbios
246 -Wariant tytułu [1,1]
    • a
    • Tytuł (NP)
    • Proverbia
260 -Strefa adresu wydawniczego [ , ]
    • a
    • Miejsce wydania (P)
    • Berlin :
    • b
    • Nazwa wydawcy (P)
    • Volk und Wissen Volkseigener Verlag,
    • c
    • Data wydania (P)
    • 1989.
300 -Strefa opisu fizycznego [ , ]
    • a
    • Określenie formy książki i/lub objętość (NP)
    • 123, [1] s. :
    • b
    • Oznaczenie ilustracji (NP)
    • il. ;
    • c
    • Format (NP)
    • 20 cm.
336 -Typ zawartości [ , ]
    • a
    • Termin opisujący typ zawartości
    • Tekst
    • b
    • Kod określający zawartość
    • txt
    • 2
    • Źródło (terminu i kodu)
    • rdacontent
337 -Typ mediów [ , ]
    • a
    • Tryb odtwarzania
    • Bez urządzenia pośredniczącego
    • b
    • Kod typu mediów
    • n
    • 2
    • Źródło (terminu i kodu)
    • rdamedia
338 -Typ/rodzaj nośnika [ , ]
    • a
    • Hasło opisujące typ nośnika
    • Wolumin
    • b
    • Kod typu nośnika
    • nc
    • 2
    • Źródło (terminu i kodu)
    • rdacarrier
504 -Uwaga dot. bibliogr. załącznikowej [ , ]
    • a
    • Uwaga dot. bibliografii załącznikowej
    • Bibliogr. s. 87-88.
546 -Uwaga dot. języka [ , ]
    • a
    • Uwaga dot. języka
    • Tyt. i tekst równol. w jęz. niem., ang., ros., pol., czes., fr., hisz., łac.
650 -Hasło przedmiotowe [ ,7]
    • a
    • Hasło przedmiotowe
    • Przysłowia.
    • 2
    • Źródło terminu
    • kaba
    • 9
    • KHW
    • 126832
700 -Hasło dodatkowe - nazwa osobowa [1, ]
    • a
    • Nazwa osobowa (NP)
    • Schmelz, Richard. Find
    • e
    • Określenie rodzaju współpracy
    • Red.
    • 9
    • KHW
    • 448672
700 -Hasło dodatkowe - nazwa osobowa [1, ]
    • a
    • Nazwa osobowa (NP)
    • Peschel, Rudolf. Find
    • e
    • Określenie rodzaju współpracy
    • Il.
    • 9
    • KHW
    • 448671
920 -ISBN [ , ]
    • a
    • ISBN
    • 3-06-592202-9 Find
Numer inwentarzowy Sygnatura Lokalizacja Status udost.
G.7523GERM. Przysłowia 03BM1